000
00219 a2200097 4500
001
58166
100
_a
245
_a
Electric circuit analysis
260
_a
NJ
_b
Prentice Hall Int
_c
1992
090
_c
35666
_d
35666
942
_a
NUST-CAE
_c
MONOGRAPH
_c
28520
999
_c
293239
_d
293239